Читатель и газета. Вып. 1: Читатели "Труда" (Запись № 6429309)

Подробности
000 -МАРКЕР
контрольное поле 01502nam2a22002531 4500
001 - ИДЕНТИФИКАТОР ЗАПИСИ
контрольное поле rc\3236930
005 - ИДЕНТИФИКАТОР ВЕРСИИ
контрольное поле 20250609165724.0
035 ## - ДРУГИЕ СИСТЕМНЫЕ НОМЕРА
Идентификатор записи (NLR Aleph) 007373155
100 ## - ДАННЫЕ ОБЩЕЙ ОБРАБОТКИ
Данные общей обработки 20130115d1969 |||y0rusy50 ca
101 0# - ЯЗЫК РЕСУРСА
Язык текста, звукозаписи и т.д. русский
102 ## - СТРАНА ПУБЛИКАЦИИ ИЛИ ПРОИЗВОДСТВА
Страна публикации Российская Федерация
105 ## - ПОЛЕ КОДИРОВАННЫХ ДАННЫХ: ТЕКСТОВЫЕ МАТЕРИАЛЫ, МОНОГРАФИЧЕСКИЕ
Кодированные данные о монографическом текстовом документе y z |||||
200 1# - ЗАГЛАВИЕ И СВЕДЕНИЯ ОБ ОТВЕТСТВЕННОСТИ
Основное заглавие Читатели "Труда"
210 ## - ПУБЛИКАЦИЯ, РАСПРОСТРАНЕНИЕ И ДР.
Дата издания, распространения и т.д. 1969
Место издания, распространения и т.д. Б. м.
215 ## - ФИЗИЧЕСКАЯ ХАРАКТЕРИСТИКА
Специфическое обозначение материала и объем [4], XXX, 166 с.
225 1# - СЕРИЯ
Основное заглавие серии ...
Обозначение тома № 20 (35)
461 #0 - УРОВЕНЬ НАБОРА
Встроенное поле 001rc\3236929
-- 2001#$aЧитатель и газета$e(Итоги изучения читательской аудитории центр. газет)$eВып. 1-$fНауч. Совет АН СССР по проблемам конкретных социальных исследований. Сов. социол. ассоциация. Ин-т конкретных социальных исследований АН СССР$vВып. 1
Системный номер (АБИС) связанной записи 6429300
Место публикации Москва
Дата публикации 1969
Первые сведения об ответственности Науч. Совет АН СССР по проблемам конкретных социальных исследований. Сов. социол. ассоциация. Ин-т конкретных социальных исследований АН СССР
Имя издателя, распространителя и т.д. Б. и.
Сведения, относящиеся к заглавию (Итоги изучения читательской аудитории центр. газет) : Вып. 1-
Заглавие Читатель и газета
Номер тома Вып. 1
532 13 - РАСШИРЕННОЕ ЗАГЛАВИЕ
Заглавие Читатели Труда
801 #0 - ИСТОЧНИК ЗАПИСИ
Страна Российская Федерация
Организация NLR
Правила каталогизации psbo
801 #1 - ИСТОЧНИК ЗАПИСИ
Страна Российская Федерация
Организация ELAR
Источник данных rusmarc
852 ## - МЕСТОНАХОЖДЕНИЕ И ШИФР ХРАНЕНИЯ
Идентификатор организации NLR
Шифр хранения (Call Number) П25/33
942 ## - ДОПОЛНИТЕЛЬНЫЕ ЭЛЕМЕНТЫ ЗАПИСИ (АБИС)
Тип экземпляра АБИС Книга
980 ## - КОЛЛЕКЦИЯ
Название коллекции Национальная библиография
Экземпляры
Тип экземпляра Дата поступления Библиотека постоянного хранения Библиотека текущего хранения Место хранения Шифр хранения Штрих-код Статус экземпляра
Книга 26.10.2013 РНБ (Московский) РНБ (Московский) Русский журнальный фонд П25/33 7373155-10